100 Biggest Cities of the World in 1000 AD with a Map - Statistics

General Stats
  • This quiz has been taken 2,273 times
    2,120 since last reset
  • The average score is 24 of 100
Answers on the Map
Answers color-coded by a green-red scale on the quiz's map according to % correct below.
 
Answer Stats
Population City % Correct
35k Rome
95%
300k Constantinople (Istanbul)
93%
135k Cairo
89%
45k Venice
86%
60k Nanjing (Beijing)
80%
75k Balarm (Palermo)
79%
60k Al-Quds (Jerusalem)
78%
90k Isbiliyyah (Seville)
77%
125k Baghdad
75%
175k Heian-kyo (Kyoto)
74%
45k Kyjevŭ (Kyiv)
73%
100k Ray (Tehran)
69%
50k Damascus
68%
35k Mecca
68%
450k Qurtubah (Córdoba)
68%
40k Thessaloniki
68%
50k Chang'an (Xi'an)
59%
50k Seogyeong (Pyongyang)
57%
40k Guangzhou
55%
70k Jiangning (Nanjing)
52%
65k Wuchang (Wuhan)
52%
100k Isfahan
47%
200k Angkor (Siem Reap)
46%
40k Aleppo
44%
50k Basra
40%
40k Chengdu
40%
75k Samarkand
39%
80k Qiantang (Hangzhou)
36%
50k Shiraz
32%
40k Lhasa
30%
45k Fuzhou
27%
90k Dali
23%
35k Al-Mariyyah (Almería)
22%
75k Bukhara
22%
75k Merv (Mary)
21%
35k Qartagannah al-Halfa (Cartagena)
21%
80k Suzhou
21%
45k Kashi (Varanasi)
20%
60k Yongzhou (Nanning)
19%
50k Xijing (Luoyang)
18%
35k Amalphia (Amalfi)
16%
400k Bianjing (Kaifeng)
16%
35k Chich'en Itza (Pisté)
15%
35k Meknassa al-Zayton (Meknes)
14%
40k Ohrid
14%
80k Kairouan
12%
40k Kaisareia (Kayseri)
12%
40k Amid (Diyarbakır)
11%
35k Edessa (Şanlıurfa)
11%
45k Bagan
9%
50k Thirualavai (Madurai)
9%
70k Hongzhou (Nanchang)
8%
40k Kashgar
8%
40k Sebasteia (Sivas)
8%
125k Nishapur
7%
40k Quanzhou
7%
75k Ani (Ocaklı)
6%
110k Al-Hasa (Hofuf)
5%
70k Hamadan
5%
75k Xingqing (Yinchuan)
5%
50k Yangzhou
5%
60k Gaegyeong (Kaesong)
4%
35k Mahdia
4%
95k Dhara Nagara (Dhar)
3%
50k Donggyeong (Gyeongju)
3%
60k Ghazni
3%
85k Tennis
3%
40k Ujjayini (Ujjain)
3%
40k Xiangyang
3%
100k Anahilapataka (Patan)
2%
35k Cholollan (Cholula)
2%
40k Dongjing (Liaoyang)
2%
85k Jinzhou
2%
40k Kanchi (Kanchipuram)
2%
70k Kanyakubja (Kannauj)
2%
60k Khambhat
2%
65k Mansura
2%
45k Qus
2%
85k Shanggui (Tianshui)
2%
140k Shangjing (Bairin Left Banner)
2%
85k Thanjavur
2%
50k Tollan-Xicocotitlan (Tula de Allende)
2%
40k Balasaghun
1%
40k Kharjuravahaka (Khajuraho)
1%
55k Kollam
1%
100k Mamista (Yakapınar)
1%
70k Manyakheta (Malkheda)
1%
50k Mictlan (Patantla)
1%
40k Monghyr
1%
65k Özgön
1%
45k Prambanan (Bokoharjo)
1%
50k Siraf
1%
55k Somanatha (Veraval)
1%
40k Sthanishvara (Thanesar)
1%
65k Ts'íibil Cháaltun (Dzibalchaltun)
1%
35k Xochicalco (Miacatlán)
1%
65k Chunar
0%
40k Kayalpattinam
0%
55k Tamralipta (Tamluk)
0%
80k Vengi (Pedavegi)
0%
No matching quizzes found
Score Distribution
Percent of People with Each Score
Percentile by Number Answered
Your Score History
You have not taken this quiz since the last reset